Pāmara makkḷin̲ paramparaip pāṭalkaḷ. (Record no. 82304)

MARC details
000 -LEADER
fixed length control field 00739cam a22002651 4500
001 - CONTROL NUMBER
control field sa 68008203
003 - CONTROL NUMBER IDENTIFIER
control field DLC
005 - DATE AND TIME OF LATEST TRANSACTION
control field 20260227112530.0
008 - FIXED-LENGTH DATA ELEMENTS--GENERAL INFORMATION
fixed length control field 910827s1967 ii 000 0 tamo
010 ## - LIBRARY OF CONGRESS CONTROL NUMBER
LC control number sa 68008203
035 ## - SYSTEM CONTROL NUMBER
System control number (OCoLC)24299878
040 ## - CATALOGING SOURCE
Original cataloging agency DLC
Transcribing agency WaU
Modifying agency DLC
042 ## - AUTHENTICATION CODE
Authentication code premarc
043 ## - GEOGRAPHIC AREA CODE
Geographic area code a-ii---
050 00 - LIBRARY OF CONGRESS CALL NUMBER
Classification number ML3748
Item number .V34
100 1# - MAIN ENTRY--PERSONAL NAME
Personal name Vaḷḷiyappā, Al̲a.,
Dates associated with a name 1922-1989.
245 10 - TITLE STATEMENT
Title Pāmara makkḷin̲ paramparaip pāṭalkaḷ.
250 ## - EDITION STATEMENT
Edition statement [1st ed.]
260 ## - PUBLICATION, DISTRIBUTION, ETC.
Place of publication, distribution, etc. [New Delhi]
Date of publication, distribution, etc. 1967.
300 ## - PHYSICAL DESCRIPTION
Extent vii, 118 p.
Dimensions 19 cm.
490 0# - SERIES STATEMENT
Series statement Putiyatākak kar̲r̲avarkkān̲a veḷiyīṭu
500 ## - GENERAL NOTE
General note In Tamil.
650 #0 - SUBJECT ADDED ENTRY--TOPICAL TERM
Topical term or geographic name entry element Folk songs
Geographic subdivision India
General subdivision History and criticism.
700 1# - ADDED ENTRY--PERSONAL NAME
Personal name Swaminathan, K.

No items available.

Powered by Koha